• 首页
  • 本馆介绍
  • 公告通知
  • 最新文献
  • 馆藏检索
  • 电子资源
  • 读者导购
  • 参考咨询
  • 我的图书馆
  • 登录
  • 详细信息显示
  • 放入我的书架
  • 预约/预借图书
  • 作者相关作品
  • 分类相关作品
  • 丛书相关作品
  • 出版社相关作品

书目信息

  • 表格格式
  • 工作单格式
  • 卡片格式
书名: The star of redemption
作者: Franz Rosenzweig ; in translation by Barbara E. Galli.
分册号:
分册名:
出版地: Madison, Wis. :
 
出版社: University of Wisconsin Press
出版时间: c2005.
页数: xx, 459 p. ;
开本: 23 cm.
丛书名: Modern Jewish philosophy and religion
中图分类号:
科图分类号:
其他分类号: B985
主题词:
电子资源: http://www.loc.gov/catdir/toc/ecip0419/2004015718.html      http://www.loc.gov/catdir/enhancements/fy0616/2004015718-b.html     
000 01349nam a2200373 a 4500
001 E0731736143
003 CAL
005 20070710084947.93
008 070611s2005 wiu b 001 0 eng d
010    @a 2004015718
020    @a9780299207243 (pbk. : alk. paper).
020    @a0299207242 (pbk. : alk. paper).
020    @a029920720X (hardcover : alk. paper).
040    @aFDU@cFDU
041 1  @aeng@hger
090    @aB985
093    @aB985@24
099    @dB985@ex48
100 1  @aRosenzweig, Franz,@d1886-1929.
240 10 @aStern der Erl枚sung.@lEnglish.
245 10 @aThe star of redemption / @cFranz Rosenzweig ; in translation by Barbara E. Galli.
260    @aMadison, Wis. :@bUniversity of Wisconsin Press,@cc2005.
300    @axx, 459 p. ;@c23 cm.
440  0 @aModern Jewish philosophy and religion.@pTranslations and critical studies
504    @aIncludes bibliographical references and index.
650  0 @aCosmology.
650  0 @aJudaism.
650  0 @aPhilosophy, Jewish.
650  0 @aReligion@xPhilosophy.
700 1  @aGalli, Barbara E.@q(Barbara Ellen),@d1949-
856 41 @3Table of contents only@uhttp://www.loc.gov/catdir/toc/ecip0419/2004015718.html
856 42 @3Contributor biographical information@uhttp://www.loc.gov/catdir/enhancements/fy0616/2004015718-b.html
920    @a231010@z2
998    @aFDU
    
    The star of redemption / / Franz Rosenzweig ; in translation by Barbara E. Galli.-Madison, Wis. : : University of Wisconsin Press, , c2005.
    xx, 459 p. ; ; 23 cm.- (Modern Jewish philosophy and religion. Translations and critical studies)
    Includes bibliographical references and index.
    
    ISBN 9780299207243 (pbk. : alk. paper).
    
●
相关链接 在E读中查询图书 在五车中查询图书 在当当中查询图书 在豆瓣中查询图书


正题名:The star of redemption     索取号:B985/x48         预约/预借

序号 登录号 条形码 馆藏地/架位号 状态 备注
1 0011630   300116309   第二样本阅览室/ [索取号:B985/x48] 在馆    
唐山师范学院图书馆 欢迎您!
大连网信软件有限公司© 版权所有